Maximizing AutoCAD / (Record no. 615857)
[ view plain ]
| 000 -LEADER | |
|---|---|
| fixed length control field | 02095cam a2200457 a 4500 |
| 001 - CONTROL NUMBER | |
| control field | 3430975 |
| 005 - DATE AND TIME OF LATEST TRANSACTION | |
| control field | 20260119153457.0 |
| 008 - FIXED-LENGTH DATA ELEMENTS--GENERAL INFORMATION | |
| fixed length control field | 910124s1991 orua 001 0 eng |
| 010 ## - LIBRARY OF CONGRESS CONTROL NUMBER | |
| LC control number | 91002106 |
| 020 ## - INTERNATIONAL STANDARD BOOK NUMBER | |
| International Standard Book Number | 0934035563 (v. 1) : |
| Terms of availability | $34.95 ($44.95 Can) |
| 020 ## - INTERNATIONAL STANDARD BOOK NUMBER | |
| International Standard Book Number | 0934035989 (v. 2) : |
| Terms of availability | $34.95 ($44.95 Can.) |
| 020 ## - INTERNATIONAL STANDARD BOOK NUMBER | |
| International Standard Book Number | 9780934035569 |
| 020 ## - INTERNATIONAL STANDARD BOOK NUMBER | |
| International Standard Book Number | 9780934035989 |
| 035 ## - SYSTEM CONTROL NUMBER | |
| System control number | 3430975 |
| 035 ## - SYSTEM CONTROL NUMBER | |
| System control number | (DLC) 91002106 |
| 040 ## - CATALOGING SOURCE | |
| Original cataloging agency | DLC |
| Transcribing agency | DLC |
| Modifying agency | DLC |
| 050 00 - LIBRARY OF CONGRESS CALL NUMBER | |
| Classification number | T385 |
| Item number | .S626 1991 |
| 082 00 - DEWEY DECIMAL CLASSIFICATION NUMBER | |
| Classification number | 620.0042 SMI'M |
| Edition number | 20 |
| 100 1# - MAIN ENTRY--PERSONAL NAME | |
| Personal name | Smith, Joseph |
| Fuller form of name | (Joseph J.) |
| 9 (RLIN) | 132819 |
| 110 ## - MAIN ENTRY--CORPORATE NAME | |
| Corporate name or jurisdiction name as entry element | Rusty Gesner |
| 9 (RLIN) | 132820 |
| 245 10 - TITLE STATEMENT | |
| Title | Maximizing AutoCAD / |
| Statement of responsibility, etc. | Joseph Smith and Rusty Gesner ; with technical assistance from Patrick Haessly. |
| 260 ## - PUBLICATION, DISTRIBUTION, ETC. | |
| Place of publication, distribution, etc. | Gresham, Or. : |
| Name of publisher, distributor, etc. | New Riders Pub., |
| Date of publication, distribution, etc. | c1991. |
| 300 ## - PHYSICAL DESCRIPTION | |
| Extent | 2 v. : |
| Other physical details | ill. ; |
| Dimensions | 24 cm. + |
| Accompanying material | 2 computer disks (5 1/4 in.) |
| 336 ## - CONTENT TYPE | |
| Content type term | text |
| Content type code | txt |
| Source | rdacontent |
| 337 ## - MEDIA TYPE | |
| Media type term | unmediated |
| Media type code | n |
| Source | rdamedia |
| 338 ## - CARRIER TYPE | |
| Carrier type term | volume |
| Carrier type code | nc |
| Source | rdacarrier |
| 500 ## - GENERAL NOTE | |
| General note | Vol. 2 is rev. ed. of: Inside AutoLISP. 1st ed. 1989; v. 1 is rev. ed. of: Customizing AutoCAD. 1988, 1989. |
| 500 ## - GENERAL NOTE | |
| General note | System requirements for computer disk: PC; PC- or MS-DOS 3.0 or later; AutoCAD (Release 10 or 11); hard disk with at least 2Mb of free space; graphics display and a mouse or digitizer tablet, all configured for AutoCAD. |
| 500 ## - GENERAL NOTE | |
| General note | Includes indexes. |
| 505 1# - FORMATTED CONTENTS NOTE | |
| Formatted contents note | v. 1. Customizing AutoCAD with macros & menus -- v. 2. Inside AutoLISP. |
| 630 00 - SUBJECT ADDED ENTRY--UNIFORM TITLE | |
| Uniform title | AutoCAD. |
| 9 (RLIN) | 6344 |
| 650 #0 - SUBJECT ADDED ENTRY--TOPICAL TERM | |
| Topical term or geographic name entry element | AutoLISP (Computer program language) |
| 700 1# - ADDED ENTRY--PERSONAL NAME | |
| Personal name | Gesner, Rusty. |
| 700 1# - ADDED ENTRY--PERSONAL NAME | |
| Personal name | Haessly, Patrick. |
| 700 1# - ADDED ENTRY--PERSONAL NAME | |
| Personal name | Smith, Joseph |
| Fuller form of name | (Joseph J.). |
| Title of a work | Inside AutoLISP. |
| 9 (RLIN) | 132821 |
| 700 1# - ADDED ENTRY--PERSONAL NAME | |
| Personal name | Smith, Joseph |
| Fuller form of name | (Joseph J.). |
| Title of a work | Customizing AutoCAD. |
| 9 (RLIN) | 132822 |
| 906 ## - LOCAL DATA ELEMENT F, LDF (RLIN) | |
| a | 7 |
| b | cbc |
| c | orignew |
| d | 1 |
| e | ocip |
| f | 19 |
| g | y-gencatlg |
| 942 ## - ADDED ENTRY ELEMENTS (KOHA) | |
| Source of classification or shelving scheme | |
| Koha item type | Book |
| Withdrawn status | Lost status | Source of classification or shelving scheme | Damaged status | Not for loan | Permanent Location | Current Location | Shelving location | Date acquired | Total Checkouts | Full call number | Barcode | Date last seen | Price effective from | Koha item type | Public note |
|---|---|---|---|---|---|---|---|---|---|---|---|---|---|---|---|
| College of Electrical & Mechanical Engineering (CEME) | College of Electrical & Mechanical Engineering (CEME) | General Stacks | 01/19/2026 | 620.0042 SMI'M | CEME-25271 | 01/19/2026 | 01/19/2026 | Book | 4.1 |
